000 00243nam a2200097Ia 4500
001 1145263
005 20250827010229.0
008 250824s9999 xx 000 0 und d
245 0 _aÇALINAN MEKTUP
_cEDGAR ALLAN POE
260 _bKETEBE YAYINLARI
999 _c1145263
_d1145263